Homelessness projections (Record no. 116141)
[ view plain ]
| 000 -LEADER | |
|---|---|
| fixed length control field | 01171cam a2200229 4500 |
| 001 - CONTROL NUMBER | |
| control field | L159886 |
| 008 - FIXED-LENGTH DATA ELEMENTS--GENERAL INFORMATION | |
| fixed length control field | 031114n2017 000 0 eng u |
| 035 ## - SYSTEM CONTROL NUMBER | |
| System control number | (Sirsi) u159886 |
| 041 ## - LANGUAGE CODE | |
| Language code of text/sound track or separate title | eng |
| 050 ## - LIBRARY OF CONGRESS CALL NUMBER | |
| Classification number | 306.82 |
| -- | 18 |
| 100 ## - MAIN ENTRY--PERSONAL NAME | |
| Personal name | Bramley, Glen |
| 245 ## - TITLE STATEMENT | |
| Title | Homelessness projections |
| Remainder of title | Core homelessness in Great Britain (2017) |
| Medium | [electronic resource] |
| 260 ## - PUBLICATION, DISTRIBUTION, ETC. | |
| Place of publication, distribution, etc. | [S.l.] |
| Name of publisher, distributor, etc. | Crisis |
| Date of publication, distribution, etc. | 2017 |
| 520 ## - SUMMARY, ETC. | |
| Summary, etc. | This summary report is the first part of a two-part study examining the current and projected levels of different categories of homelessness, defined as ?core? and ?wider? homelessness. The figures set out in this report examine current levels of core homelessness across England, Scotland and Wales, their projected levels until 2041, factors driving these and the potential impact of policy measures to address the issue. |
| 650 ## - SUBJECT ADDED ENTRY--TOPICAL TERM | |
| Topical term or geographic name entry element | HOUSING STATISTICS |
| 650 ## - SUBJECT ADDED ENTRY--TOPICAL TERM | |
| Topical term or geographic name entry element | HOMELESSNESS |
| 650 ## - SUBJECT ADDED ENTRY--TOPICAL TERM | |
| Topical term or geographic name entry element | TEMPORARY ACCOMMODATION |
| 651 #4 - SUBJECT ADDED ENTRY--GEOGRAPHIC NAME | |
| Geographic name | ENGLAND AND WALES |
| 690 ## - LOCAL SUBJECT ADDED ENTRY--TOPICAL TERM (OCLC, RLIN) | |
| Topical term or geographic name as entry element | Affordable housing |
| 9 (RLIN) | 6215 |
| 856 40 - ELECTRONIC LOCATION AND ACCESS | |
| Uniform Resource Identifier | <a href="https://www.crisis.org.uk/media/237582/crisis_homelessness_projections_2017.pdf">https://www.crisis.org.uk/media/237582/crisis_homelessness_projections_2017.pdf</a> |
| Public note | View the homelessness statistics at www.crisis.org.uk |
| 942 ## - ADDED ENTRY ELEMENTS (KOHA) | |
| Suppress in OPAC | 0 |
| Withdrawn status | Lost status | Source of classification or shelving scheme | Damaged status | Not for loan | Home library | Current library | Shelving location | Date acquired | Total Checkouts | Full call number | Barcode | Date last seen | Copy number | Price effective from | Koha item type |
|---|---|---|---|---|---|---|---|---|---|---|---|---|---|---|---|
| Dewey Decimal Classification | Virtual | Virtual | Online | 21/03/2018 | ONLINE PUBLICATION | 159886-2001 | 06/08/2019 | 1 | 06/08/2019 | Book |